[Event "KUW-ch sf"]
[Site "Kuwait"]
[Date "2018.11.24"]
[Round "8"]
[White "Alhassan, Meshari"]
[Black "Alkhaldi, Bader"]
[Result "0-1"]
[WhiteElo "1418"]
[BlackElo "1900"]
[PlyCount "90"]
[EventDate "2018.11.16"]
[EventType "swiss"]
[EventRounds "9"]
[EventCountry "KUW"]
[SourceTitle "CBM 187 Extra"]
[Source "ChessBase"]
[SourceDate "2018.11.04"]
[SourceVersion "1"]
[SourceVersionDate "2018.11.04"]
[SourceQuality "1"]

1. d4 Nf6 2. e3 d5 3. Bd3 Nc6 4. c3 e5 5. dxe5 Nxe5 6. Bc2 Bd6 7. Nd2 b6 8. Ngf3 Ba6 9. Nxe5 Bxe5 10. f4 Bxf4 11. exf4 Qe7+ 12. Kf2 Qc5+ 13. Kf3 0-0-0 14. Nb3 Qd6 15. Bd3 Bb7 16. Nd4 c5 17. Ne2 d4+ 18. Kf2 Qc6 19. Rg1 dxc3 20. Nxc3 c4 21. Bf5+ Kb8 22. Qf3 Qc5+ 23. Qe3 Qxf5 24. Qe5+ Qxe5 25. fxe5 Ng4+ 26. Kg3 Nxe5 27. Bf4 Rd3+ 28. Kf2 f6 29. Rge1 Re8 30. Rad1 a6 31. Rxd3 cxd3 32. Ke3 Ka7 33. Bxe5 Rxe5+ 34. Kd2 Rxe1 35. Kxe1 f5 36. g3 b5 37. Kd2 Be4 38. a3 Kb6 39. Nd1 Kc5 40. Ne3 Kd4 41. g4 g6 42. gxf5 gxf5 43. Nf1 f4 44. h4 Bf3 45. Nh2 Be2 0-1

[Event "KUW-ch sf"]
[Site "Kuwait"]
[Date "2018.11.23"]
[Round "7"]
[White "Alkhaldi, Bader"]
[Black "Aljadi, Hussain"]
[Result "1-0"]
[WhiteElo "1900"]
[BlackElo "1359"]
[PlyCount "41"]
[EventDate "2018.11.16"]
[EventType "swiss"]
[EventRounds "9"]
[EventCountry "KUW"]
[SourceTitle "CBM 187 Extra"]
[Source "ChessBase"]
[SourceDate "2018.11.04"]
[SourceVersion "1"]
[SourceVersionDate "2018.11.04"]
[SourceQuality "1"]

1. f4 d5 2. Nf3 Nf6 3. e3 Bg4 4. h3 Bxf3 5. Qxf3 e6 6. b3 Bd6 7. Bb2 Nbd7 8. Nc3 a6 9. g4 h6 10. 0-0-0 Qe7 11. d4 c5 12. e4 dxe4 13. Nxe4 Nd5 14. f5 exf5 15. Nxd6+ Qxd6 16. Re1+ Ne7 17. Bc4 0-0 18. gxf5 b5 19. dxc5 Nxc5 20. Rhg1 Rfd8 21. Rxg7+ 1-0

[Event "KUW-ch sf"]
[Site "Kuwait"]
[Date "2018.11.17"]
[Round "2"]
[White "Alkhaldi, Bader"]
[Black "Alfaras, Abdulaziz"]
[Result "1-0"]
[WhiteElo "1900"]
[BlackElo "1468"]
[PlyCount "47"]
[EventDate "2018.11.16"]
[EventType "swiss"]
[EventRounds "9"]
[EventCountry "KUW"]
[SourceTitle "CBM 187 Extra"]
[Source "ChessBase"]
[SourceDate "2018.11.04"]
[SourceVersion "1"]
[SourceVersionDate "2018.11.04"]
[SourceQuality "1"]

1. d4 Nf6 2. Nc3 g6 3. e4 d6 4. Bg5 Bg7 5. Qd2 0-0 6. h4 Nbd7 7. Bh6 c6 8. h5 Ng4 9. Bxg7 Kxg7 10. Be2 Nb6 11. hxg6 fxg6 12. Bxg4 Bxg4 13. Qh6+ Kf7 14. Qxh7+ Ke8 15. Qxg6+ Kd7 16. Qxg4+ Kc7 17. Nf3 Nc4 18. 0-0-0 Rg8 19. Qe6 Nb6 20. Rh7 Nc8 21. d5 c5 22. e5 a6 23. exd6+ Qxd6 24. Qxg8 1-0

[Event "KUW-ch"]
[Site "Kuwait"]
[Date "2017.03.07"]
[Round "5"]
[White "Alkhaldi, Bader"]
[Black "Al Khateeb, Taher"]
[Result "1-0"]
[WhiteElo "1907"]
[BlackElo "2005"]
[PlyCount "106"]
[EventDate "2017.03.02"]
[EventType "tourn"]
[EventRounds "9"]
[EventCountry "KUW"]
[SourceTitle "EXT 2018"]
[Source "ChessBase"]
[SourceDate "2017.10.13"]
[SourceVersion "1"]
[SourceVersionDate "2017.10.13"]
[SourceQuality "1"]

1. d4 d5 2. c4 c6 3. Nc3 e6 4. e4 dxe4 5. Nxe4 Bb4+ 6. Bd2 Qxd4 7. Bxb4 Qxe4+ 8. Be2 Na6 9. Bd6 Ne7 10. Qd2 Nf5 11. 0-0-0 Qh4 12. Nf3 Qd8 13. Qc3 Nxd6 14. Qxg7 Rf8 15. Ng5 Qe7 16. Nxh7 Ne4 17. f3 f5 18. Qxe7+ Kxe7 19. Nxf8 Nf2 20. Ng6+ Kf6 21. Nf4 Nxh1 22. Rxh1 e5 23. Nh5+ Kg6 24. g4 e4 25. h3 exf3 26. Bxf3 Nc5 27. Rd1 fxg4 28. hxg4 Kg5 29. Rd8 Bxg4 30. Rxa8 Bxf3 31. Ng3 Kf4 32. Nf1 Be2 33. Nd2 Nd3+ 34. Kc2 Nb4+ 35. Kb3 c5 36. Rxa7 Nc6 37. Ra8 b5 38. cxb5 Nd4+ 39. Kc3 Nxb5+ 40. Kc2 Nd4+ 41. Kc1 Bd3 42. Rf8+ Ke3 43. Re8+ Kf4 44. Rf8+ Ke3 45. Re8+ Kf4 46. Nb3 Nf3 47. Nxc5 Bb5 48. Rf8+ Ke3 49. a4 Bc4 50. a5 Ng1 51. a6 Ne2+ 52. Kd1 Kd4 53. a7 Kd5 1-0

[Event "KUW-ch"]
[Site "Kuwait"]
[Date "2017.03.06"]
[Round "4"]
[White "Al Hajiri, Bader"]
[Black "Alkhaldi, Bader"]
[Result "1-0"]
[WhiteElo "2159"]
[BlackElo "1907"]
[PlyCount "46"]
[EventDate "2017.03.02"]
[EventType "tourn"]
[EventRounds "9"]
[EventCountry "KUW"]
[SourceTitle "EXT 2018"]
[Source "ChessBase"]
[SourceDate "2017.10.13"]
[SourceVersion "1"]
[SourceVersionDate "2017.10.13"]
[SourceQuality "1"]

1. e4 c5 2. Nf3 d6 3. d4 cxd4 4. c3 d3 5. Bxd3 g6 6. Bc4 Nc6 7. Bg5 Bg7 8. Qb3 f6 9. Bxg8 e6 10. Bxe6 fxg5 11. Bxc8 Rxc8 12. Qe6+ Kf8 13. Nxg5 Rc7 14. Qd5 Ke8 15. Ne6 Qe7 16. Nxc7+ Qxc7 17. Na3 Ne7 18. Qc4 Qd7 19. Nb5 d5 20. exd5 Be5 21. d6 Nc6 22. 0-0-0 Kd8 23. Rhe1 Rf8 1-0

[Event "KUW-ch"]
[Site "Kuwait"]
[Date "2017.03.02"]
[Round "1"]
[White "Alsharhan, Musaed"]
[Black "Alkhaldi, Bader"]
[Result "0-1"]
[WhiteElo "1706"]
[BlackElo "1907"]
[PlyCount "96"]
[EventDate "2017.03.02"]
[EventType "tourn"]
[EventRounds "9"]
[EventCountry "KUW"]
[SourceTitle "EXT 2018"]
[Source "ChessBase"]
[SourceDate "2017.10.13"]
[SourceVersion "1"]
[SourceVersionDate "2017.10.13"]
[SourceQuality "1"]

1. d4 f5 2. e4 fxe4 3. Nc3 Nf6 4. Bg5 e6 5. Nxe4 Be7 6. Nxf6+ Bxf6 7. Qh5+ g6 8. Bxf6 Qxf6 9. Qe5 0-0 10. Qxf6 Rxf6 11. Nf3 Nc6 12. 0-0-0 d6 13. h4 h6 14. Bc4 Na5 15. Bd3 Bd7 16. Rh2 Raf8 17. Be4 Kg7 18. Rh3 Rf4 19. Re1 Nc6 20. Rg3 R8f6 21. c3 Nd8 22. Ne5 dxe5 23. dxe5 Rf8 24. Bxg6 Nf7 25. Bh5+ Kh7 26. Bg6+ Kh8 27. Rd1 Nxe5 28. Bc2 Bc6 29. Re3 Ng4 30. Rxe6 Rxf2 31. Re7 R2f7 32. Re6 Rf1 33. g3 Rxd1+ 34. Bxd1 Rf1 35. Kd2 Bf3 36. Bxf3 Rxf3 37. Re8+ Kg7 38. Re7+ Rf7 39. Re4 Rd7+ 40. Ke2 Nf6 41. Re3 Kf7 42. a3 Re7 43. b4 b5 44. Rxe7+ Kxe7 45. Ke3 Ke6 46. Kf4 Nd5+ 47. Kg4 Kf6 48. Kh5 Kg7 0-1

[Event "KUW-ch 1st Stage"]
[Site "Kuwait"]
[Date "2017.01.12"]
[Round "1"]
[White "Qabazard, Mohamed"]
[Black "Alkhaldi, Bader"]
[Result "0-1"]
[WhiteElo "1629"]
[BlackElo "1906"]
[PlyCount "58"]
[EventDate "2017.01.12"]
[EventType "swiss"]
[EventRounds "9"]
[EventCountry "KUW"]
[SourceTitle "CBM 176 Extra"]
[Source "ChessBase"]
[SourceDate "2017.03.02"]
[SourceVersion "1"]
[SourceVersionDate "2017.03.02"]
[SourceQuality "1"]

1. d4 f5 2. c4 Nf6 3. Nf3 e6 4. Nc3 Bb4 5. Bg5 0-0 6. g3 b6 7. Bg2 Bb7 8. 0-0 Bxc3 9. bxc3 Qc8 10. Bxf6 Rxf6 11. d5 Na6 12. Qd4 d6 13. e4 e5 14. Qe3 Nc5 15. exf5 Qxf5 16. Nd2 Raf8 17. Ne4 Nxe4 18. Bxe4 Qh3 19. f3 Bc8 20. Rf2 h5 21. Raf1 h4 22. f4 exf4 23. Rxf4 hxg3 24. Qxg3 Qxf1+ 25. Rxf1 Rxf1+ 26. Kg2 R1f4 27. Bf3 Rxf3 28. Qxf3 Rxf3 29. Kxf3 Ba6 0-1

[Event "Olympiad-42"]
[Site "Baku"]
[Date "2016.09.04"]
[Round "3.3"]
[White "Klasan, Vladimir"]
[Black "Alkhaldi, Bader"]
[Result "1-0"]
[WhiteElo "2401"]
[BlackElo "1956"]
[PlyCount "57"]
[EventDate "2016.09.02"]
[EventType "team-swiss"]
[EventRounds "11"]
[EventCountry "AZE"]
[SourceTitle "CBM 175"]
[Source "ChessBase"]
[SourceDate "2016.11.10"]
[SourceVersion "1"]
[SourceVersionDate "2016.11.10"]
[SourceQuality "1"]
[WhiteTeam "ICCD"]
[BlackTeam "Kuwait"]
[BlackTeamCountry "KUW"]

1. e4 c5 2. Nf3 d6 3. Bb5+ Bd7 4. Bxd7+ Qxd7 5. c4 g6 6. Nc3 Bg7 7. d4 cxd4 8. Nxd4 Nc6 9. Nde2 Nf6 10. f3 0-0 11. 0-0 a6 12. a4 Qc7 13. Be3 Rac8 14. b3 Qa5 15. Qd2 Nd7 16. Rab1 Nf6 17. Rfd1 Rfe8 18. Nd5 Qxd2 19. Rxd2 Nxd5 20. exd5 Nb8 21. a5 Nd7 22. Rc2 e6 23. dxe6 Rxe6 24. Bf2 Bh6 25. Rd1 Be3 26. Bxe3 Rxe3 27. Nc3 Nc5 28. b4 Ne6 29. Nd5 1-0

[Event "Asia Cup"]
[Site "Abu Dhabi"]
[Date "2016.04.01"]
[Round "5.4"]
[White "Alkhaldi, Bader"]
[Black "Salim, Mohammed Salim Al"]
[Result "0-1"]
[WhiteElo "1943"]
[BlackElo "2038"]
[PlyCount "70"]
[EventDate "2016.03.28"]
[EventType "team-swiss"]
[EventRounds "9"]
[EventCountry "UAE"]
[SourceTitle "CBM 171 Extra"]
[Source "ChessBase"]
[SourceDate "2016.04.26"]
[SourceVersion "1"]
[SourceVersionDate "2016.04.26"]
[SourceQuality "1"]
[WhiteTeam "Kuwait"]
[BlackTeam "Oman"]
[WhiteTeamCountry "KUW"]
[BlackTeamCountry "OMN"]

1. c4 Nf6 2. g3 g6 3. Bg2 Bg7 4. Nf3 d6 5. Nc3 c6 6. h3 0-0 7. 0-0 e5 8. e4 Nh5 9. d4 h6 10. Be3 Na6 11. Qd2 Kh7 12. Rad1 Qc7 13. Nh4 Qe7 14. Kh2 Nc7 15. Bf3 Qe6 16. g4 Qf6 17. gxh5 Qxh4 18. hxg6+ fxg6 19. Bg2 Bxh3 20. Rh1 Bxg2+ 21. Kxg2 Qg4+ 22. Kf1 h5 23. d5 cxd5 24. cxd5 Rf3 25. Rg1 Qh4 26. Qe2 Raf8 27. Ke1 Na6 28. Rf1 b6 29. Qxa6 Rxe3+ 30. Kd2 Rxf2+ 31. Kc1 Rg2 32. a3 Qh2 33. Qb5 Rxc3+ 34. bxc3 Ra2 35. Kb1 Qc2# 0-1

[Event "Kuwait Amateur-ch"]
[Site "Kuwait"]
[Date "2016.02.01"]
[Round "9"]
[White "Alkhaldi, Bader"]
[Black "Alsharhan, Musaed"]
[Result "1-0"]
[WhiteElo "1923"]
[BlackElo "1643"]
[PlyCount "43"]
[EventDate "2016.01.23"]
[EventType "swiss"]
[EventRounds "9"]
[EventCountry "KUW"]
[SourceTitle "CBM 170 Extra"]
[Source "ChessBase"]
[SourceDate "2016.02.25"]
[SourceVersion "1"]
[SourceVersionDate "2016.02.25"]
[SourceQuality "1"]

1. e4 c5 2. Nf3 Nc6 3. d4 cxd4 4. Nxd4 d6 5. Bb5 Bd7 6. 0-0 g6 7. Be3 Bg7 8. Nc3 Nf6 9. Qd2 Ng4 10. Bxc6 bxc6 11. Bg5 h6 12. Bh4 0-0 13. Rad1 Kh7 14. f3 Nf6 15. Kh1 Re8 16. Nb3 Ng8 17. f4 Bg4 18. Rde1 Qc7 19. f5 gxf5 20. exf5 e6 21. f6 Bh8 22. Qd3+ 1-0

[Event "KUW-ch"]
[Site "Kuwait"]
[Date "2015.12.14"]
[Round "10"]
[White "Alothman, Abdul Wahab"]
[Black "Alkhaldi, Bader"]
[Result "1-0"]
[WhiteElo "2023"]
[BlackElo "1932"]
[PlyCount "43"]
[EventDate "2015.12.02"]
[EventType "tourn"]
[EventRounds "11"]
[EventCountry "KUW"]
[SourceTitle "CBM 169 Extra"]
[Source "ChessBase"]
[SourceDate "2015.12.18"]
[SourceVersion "1"]
[SourceVersionDate "2015.12.18"]
[SourceQuality "1"]

1. d4 Nf6 2. Nf3 g6 3. Nc3 Bg7 4. e4 d6 5. Be3 0-0 6. Qd2 Nbd7 7. Bh6 c5 8. Bxg7 Kxg7 9. e5 Ne8 10. 0-0-0 Qa5 11. exd6 Nxd6 12. h4 h5 13. Qg5 Nf6 14. dxc5 Nf5 15. Ne5 Qxc5 16. Nd3 Qc7 17. Nf4 e6 18. g4 hxg4 19. h5 Nh7 20. Qxg4 Nh6 21. Qg3 g5 22. Nxe6+ 1-0

[Event "KUW-ch"]
[Site "Kuwait"]
[Date "2015.12.11"]
[Round "8"]
[White "Al Hajiri, Bader"]
[Black "Alkhaldi, Bader"]
[Result "1-0"]
[WhiteElo "2183"]
[BlackElo "1932"]
[PlyCount "81"]
[EventDate "2015.12.02"]
[EventType "tourn"]
[EventRounds "11"]
[EventCountry "KUW"]
[SourceTitle "CBM 169 Extra"]
[Source "ChessBase"]
[SourceDate "2015.12.18"]
[SourceVersion "1"]
[SourceVersionDate "2015.12.18"]
[SourceQuality "1"]

1. e4 c6 2. d4 d5 3. Nc3 dxe4 4. Nxe4 Bf5 5. Ng3 Bg6 6. h4 h6 7. Nf3 Nd7 8. h5 Bh7 9. Bd3 Bxd3 10. Qxd3 e6 11. Bf4 Qa5+ 12. Bd2 Bb4 13. Ne4 Ngf6 14. c3 Be7 15. c4 Qc7 16. 0-0-0 Nxe4 17. Qxe4 Nf6 18. Qe2 b5 19. c5 Nd5 20. Ne5 Bf6 21. f4 Bxe5 22. fxe5 0-0-0 23. Qe1 Rde8 24. Rh3 f5 25. Ra3 Rhf8 26. Qg3 Kb7 27. Rf1 Qd7 28. Ra5 Ka8 29. Rf3 Rf7 30. Rfa3 Qc8 31. Qg6 Ref8 32. Ra6 f4 33. Qe4 Qb8 34. Rxc6 f3 35. gxf3 Rf4 36. Bxf4 Rxf4 37. Qg6 Rxd4 38. Qxe6 Rc4+ 39. Kb1 Nf4 40. Rxa7+ Qxa7 41. Qc8+ 1-0

[Event "KUW-ch"]
[Site "Kuwait"]
[Date "2015.12.07"]
[Round "5"]
[White "Alkhaldi, Bader"]
[Black "Al Duwish, Ahmed"]
[Result "1-0"]
[WhiteElo "1932"]
[BlackElo "1776"]
[PlyCount "69"]
[EventDate "2015.12.02"]
[EventType "tourn"]
[EventRounds "11"]
[EventCountry "KUW"]
[SourceTitle "CBM 169 Extra"]
[Source "ChessBase"]
[SourceDate "2015.12.18"]
[SourceVersion "1"]
[SourceVersionDate "2015.12.18"]
[SourceQuality "1"]

1. e4 Nf6 2. e5 Nd5 3. c4 Nb6 4. d4 d6 5. exd6 cxd6 6. Nc3 g6 7. Be3 Bg7 8. Be2 0-0 9. Qd2 Nc6 10. h4 e5 11. d5 Nd4 12. h5 Bf5 13. g4 Nc2+ 14. Kd1 Nxe3+ 15. Qxe3 Bxg4 16. Bxg4 Nxc4 17. Qc1 Qb6 18. Be2 Qxf2 19. Bxc4 Qg2 20. Nge2 Qxh1+ 21. Kc2 Qxh5 22. Qe3 Rac8 23. b3 a6 24. a4 e4 25. Rd1 f5 26. Nd4 Bh6 27. Qg1 Qh3 28. Ne6 Rfe8 29. a5 Qe3 30. Qh2 Bg7 31. Nxg7 Kxg7 32. Qxd6 Rcd8 33. Qc7+ Kf6 34. d6 Rf8 35. Nd5+ 1-0

[Event "Kuwait Taher Group Cup"]
[Site "Kuwait"]
[Date "2015.07.01"]
[Round "8"]
[White "Caysidon, Arpon Philip"]
[Black "Alkhaldi, Bader"]
[Result "1-0"]
[WhiteElo "1964"]
[BlackElo "1970"]
[PlyCount "183"]
[EventDate "2015.06.24"]
[EventType "swiss"]
[EventRounds "9"]
[EventCountry "KUW"]
[SourceTitle "EXT 2016"]
[Source "ChessBase"]
[SourceDate "2015.10.08"]
[SourceVersion "1"]
[SourceVersionDate "2015.10.08"]
[SourceQuality "1"]

1. d4 d5 2. Bf4 c5 3. c3 Nc6 4. e3 Qb6 5. Qb3 c4 6. Qxb6 axb6 7. Nf3 b5 8. Be2 b4 9. 0-0 Nf6 10. cxb4 Nxb4 11. Nc3 Bd7 12. Ne5 e6 13. Rfc1 Be7 14. g4 h6 15. Bg3 0-0 16. h4 Rfd8 17. Kg2 Be8 18. f4 Nc6 19. g5 hxg5 20. hxg5 Nh7 21. Ng4 Na5 22. Bd1 b5 23. Bc2 Nf8 24. Rh1 b4 25. Ne2 b3 26. Bb1 bxa2 27. Rxa2 Nb3 28. Be1 Rxa2 29. Bxa2 Ra8 30. Bxb3 cxb3 31. Bc3 Bb5 32. Nc1 Bc4 33. Ne5 Bd6 34. Nf3 Ng6 35. Nd2 Rb8 36. Kf3 f5 37. Ne2 Kf7 38. Ra1 Nh4+ 39. Kf2 Rb7 40. Ra4 Bxe2 41. Kxe2 Ng6 42. Ra6 Ke7 43. Ba5 Rb5 44. Ra7+ Kf8 45. Kd3 Nh4 46. Bc7 Be7 47. Be5 Ng2 48. g6 Bf6 49. Bxf6 gxf6 50. Rf7+ Kg8 51. Rxf6 Rb6 52. Rf7 Nh4 53. Rc7 Nxg6 54. Rc3 Kf7 55. Nxb3 Ke7 56. Kc2 Kd6 57. Nc5 Nh4 58. Nd3 Ng2 59. Ne5 Ne1+ 60. Kd2 Ng2 61. b3 Ra6 62. Rc2 Rb6 63. Rb2 Rb4 64. Nd3 Rb8 65. b4 Kc6 66. Nc5 Kd6 67. b5 Rb6 68. Na4 Rb8 69. Kd3 Ra8 70. Nc3 Nh4 71. b6 Ng6 72. Na4 Ne7 73. b7 Rb8 74. Nc5 Kc6 75. Nxe6 Kd6 76. Nc5 Kc6 77. Rg2 Kb5 78. Rg7 Nc6 79. Rc7 Na7 80. Rf7 Nc6 81. Rxf5 Rh8 82. Ke2 Re8 83. Kf3 Na5 84. Rxd5 Kc6 85. Rd7 Nb3 86. Rh7 Na5 87. f5 Kd5 88. Nd7 Rg8 89. b8Q Rxb8 90. Nxb8 Nc4 91. Rd7+ Nd6 92. Kf4 1-0

[Event "Kuwait Taher Group Cup"]
[Site "Kuwait"]
[Date "2015.06.30"]
[Round "7"]
[White "Alkhaldi, Bader"]
[Black "Al Ibrahim, Abdulrahman"]
[Result "1-0"]
[WhiteElo "1970"]
[BlackElo "1719"]
[PlyCount "43"]
[EventDate "2015.06.24"]
[EventType "swiss"]
[EventRounds "9"]
[EventCountry "KUW"]
[SourceTitle "EXT 2016"]
[Source "ChessBase"]
[SourceDate "2015.10.08"]
[SourceVersion "1"]
[SourceVersionDate "2015.10.08"]
[SourceQuality "1"]

1. e4 c5 2. Nf3 e6 3. d4 cxd4 4. Nxd4 Nf6 5. Nc3 Bb4 6. Bd3 Nc6 7. Nf3 d5 8. exd5 Nxd5 9. Bd2 Qa5 10. Nxd5 Bxd2+ 11. Qxd2 Qxd5 12. 0-0 0-0 13. Rfe1 Rd8 14. Rad1 Bd7 15. Qf4 Qh5 16. g4 Qh6 17. Ng5 f5 18. Bc4 Na5 19. Rxe6 Bxe6 20. Bxe6+ Kf8 21. Qb4+ Ke8 22. Bf7# 1-0

[Event "Kuwait Taher Group Cup"]
[Site "Kuwait"]
[Date "2015.06.24"]
[Round "1"]
[White "Sevillano Martin, Mario"]
[Black "Alkhaldi, Bader"]
[Result "0-1"]
[WhiteElo "1860"]
[BlackElo "1970"]
[PlyCount "89"]
[EventDate "2015.06.24"]
[EventType "swiss"]
[EventRounds "9"]
[EventCountry "KUW"]
[SourceTitle "EXT 2016"]
[Source "ChessBase"]
[SourceDate "2015.10.08"]
[SourceVersion "1"]
[SourceVersionDate "2015.10.08"]
[SourceQuality "1"]

1. d4 Nf6 2. c4 g6 3. Nc3 Bg7 4. e4 d6 5. Nf3 0-0 6. Be2 Bg4 7. 0-0 Nfd7 8. Be3 Nc6 9. a3 Bxf3 10. Bxf3 e5 11. d5 Nd4 12. Be2 c5 13. b4 f5 14. Rb1 Qh4 15. f3 Bh6 16. Qd2 Bxe3+ 17. Qxe3 b6 18. Nb5 Rf6 19. bxc5 Nxb5 20. cxb5 Nxc5 21. Bd3 Raf8 22. Bc2 f4 23. Qe1 Qh5 24. a4 Nb7 25. Rc1 Rc8 26. Bb1 Rff8 27. Qd2 Nc5 28. Qc2 g5 29. h3 Qf7 30. Ba2 h5 31. Qd1 Rc7 32. Rf2 Rfc8 33. Rfc2 Qg7 34. Rc4 Kf7 35. Qe2 Rg8 36. R1c2 g4 37. fxg4 hxg4 38. hxg4 Qxg4 39. Qxg4 Rxg4 40. R2c3 Kf6 41. Rc2 Rcg7 42. Rf2 Rg3 43. Bb1 f3 44. Kf1 Rh7 45. Kg1 0-1

[Event "World Amateur-ch"]
[Site "Chalkidiki"]
[Date "2015.04.18"]
[Round "6"]
[White "Tolibayev, Timur"]
[Black "Alkhaldi, Bader"]
[Result "0-1"]
[WhiteElo "1756"]
[BlackElo "1942"]
[PlyCount "46"]
[EventDate "2015.04.14"]
[EventType "team-swiss"]
[EventRounds "9"]
[EventCountry "GRE"]
[SourceTitle "CBM 166 Extra"]
[Source "ChessBase"]
[SourceDate "2015.06.18"]
[SourceVersion "1"]
[SourceVersionDate "2015.06.18"]
[SourceQuality "1"]

1. d4 Nf6 2. c4 g6 3. Nc3 Bg7 4. e4 d6 5. Nf3 0-0 6. Be2 Bg4 7. 0-0 Nfd7 8. h3 Bxf3 9. Bxf3 Nc6 10. Be3 e5 11. Ne2 Qf6 12. d5 Nd4 13. Nxd4 exd4 14. Bc1 a5 15. Be2 Nc5 16. Bd3 Rfe8 17. Qc2 Qh4 18. f4 f5 19. exf5 Qg3 20. Rf3 Re1+ 21. Bf1 d3 22. Qf2 Qxf2+ 23. Kxf2 d2 0-1

[Event "World Amateur-ch"]
[Site "Chalkidiki"]
[Date "2015.04.16"]
[Round "4"]
[White "Turu, Indrek"]
[Black "Alkhaldi, Bader"]
[Result "1/2-1/2"]
[WhiteElo "1870"]
[BlackElo "1942"]
[PlyCount "134"]
[EventDate "2015.04.14"]
[EventType "team-swiss"]
[EventRounds "9"]
[EventCountry "GRE"]
[SourceTitle "CBM 166 Extra"]
[Source "ChessBase"]
[SourceDate "2015.06.18"]
[SourceVersion "1"]
[SourceVersionDate "2015.06.18"]
[SourceQuality "1"]

1. e4 d6 2. d4 Nf6 3. Bd3 e5 4. c3 d5 5. dxe5 Nxe4 6. Bxe4 dxe4 7. Qa4+ Bd7 8. Qxe4 Bc6 9. Qg4 h5 10. Qg3 h4 11. Qg4 Qd5 12. Qc8+ Qd8 13. Qxd8+ Kxd8 14. Nf3 h3 15. 0-0 hxg2 16. Rd1+ Ke8 17. Ng5 Nd7 18. Bf4 Nc5 19. b4 Ne6 20. Nxe6 fxe6 21. Nd2 a5 22. a3 Be7 23. f3 Rf8 24. Be3 Bxf3 25. Nxf3 Rxf3 26. Bd4 Rf1+ 27. Kxg2 Rxd1 28. Rxd1 axb4 29. axb4 Ra2+ 30. Kg3 Kf7 31. Rd3 b5 32. h3 Kg6 33. Be3 Ra3 34. Bc1 Rb3 35. Rf3 c5 36. bxc5 Bxc5 37. Kg4 Rb1 38. Be3 Be7 39. Kf4 Ra1 40. Ke4 Ra4+ 41. Kd3 Ra8 42. Ke4 Ra4+ 43. Kd3 Rh4 44. Rg3+ Kf7 45. Rf3+ Ke8 46. Rg3 Kf7 47. Rf3+ Kg6 48. Rg3+ Kh7 49. Rf3 Kg8 50. Bb6 Rc4 51. Be3 g6 52. Rf4 Rxf4 53. Bxf4 Kf8 54. c4 bxc4+ 55. Kxc4 Ke8 56. Be3 Kd7 57. Kd4 Kc6 58. Ke4 Bh4 59. Bh6 Bg3 60. Bg7 Kc5 61. Bf6 Kc4 62. h4 Kc3 63. Kf3 Be1 64. Kg4 Bd2 65. Bg5 Be1 66. Bf6 Bd2 67. Bg5 Be1 1/2-1/2

[Event "World Amateur-ch"]
[Site "Chalkidiki"]
[Date "2015.04.14"]
[Round "1"]
[White "Alkhaldi, Bader"]
[Black "Korcz, Daniel"]
[Result "1-0"]
[WhiteElo "1942"]
[BlackElo "1705"]
[PlyCount "149"]
[EventDate "2015.04.14"]
[EventType "team-swiss"]
[EventRounds "9"]
[EventCountry "GRE"]
[SourceTitle "CBM 166 Extra"]
[Source "ChessBase"]
[SourceDate "2015.06.18"]
[SourceVersion "1"]
[SourceVersionDate "2015.06.18"]
[SourceQuality "1"]

1. d4 Nf6 2. c4 g6 3. Nc3 d5 4. Bf4 Bg7 5. Nf3 0-0 6. e3 c5 7. dxc5 Qa5 8. Rc1 dxc4 9. Bxc4 Qxc5 10. Bb3 Nc6 11. 0-0 Rd8 12. Qe2 Qh5 13. h3 Na5 14. Rfd1 Rxd1+ 15. Bxd1 Be6 16. b4 Nc6 17. a3 Rd8 18. Qc2 Qf5 19. Qe2 Qd3 20. Qxd3 Rxd3 21. Be2 Rd7 22. b5 Na5 23. Na4 Rd8 24. Bc7 Rc8 25. b6 axb6 26. Nxb6 Rf8 27. Nd4 Nb3 28. Nxb3 Bxb3 29. Bf3 Be6 30. Bxb7 Nd7 31. a4 Nxb6 32. Bxb6 Rb8 33. Rc7 Be5 34. Rxe7 Bd6 35. Ba7 Rf8 36. Rxe6 fxe6 37. a5 Rf5 38. a6 Ra5 39. g3 Ra2 40. Kg2 Kf7 41. Kf3 Ke7 42. Ke4 Kd7 43. f4 Kc7 44. Kf3 Ra3 45. g4 Bb4 46. Ke4 Bd6 47. Kf3 Bb4 48. h4 Ra4 49. h5 gxh5 50. gxh5 h6 51. e4 Ra5 52. Kg4 Bc5 53. Bxc5 Rxc5 54. f5 exf5+ 55. exf5 Rc4+ 56. Kg3 Ra4 57. f6 Kd6 58. Bc8 Rxa6 59. Bxa6 Ke6 60. Kg4 Kxf6 61. Kf4 Kg7 62. Kf5 Kh7 63. Bd3 Kg8 64. Be4 Kf7 65. Bb1 Kg7 66. Ke6 Kg8 67. Ke7 Kg7 68. Bc2 Kg8 69. Kf6 Kf8 70. Bb3 Ke8 71. Kg7 Ke7 72. Kxh6 Kf6 73. Kh7 Kg5 74. h6 Kf6 75. Kg8 1-0

[Event "San Sebastian op 38th"]
[Site "San Sebastian"]
[Date "2015.03.29"]
[Round "3"]
[White "Rull Costa, Baltasar"]
[Black "Alkhaldi, Bader"]
[Result "1/2-1/2"]
[WhiteElo "1747"]
[BlackElo "1942"]
[PlyCount "81"]
[EventDate "2015.03.28"]
[EventType "swiss"]
[EventRounds "9"]
[EventCountry "ESP"]
[SourceTitle "CBM 165 Extra"]
[Source "ChessBase"]
[SourceDate "2015.04.21"]
[SourceVersion "1"]
[SourceVersionDate "2015.04.21"]
[SourceQuality "1"]

1. e4 c5 2. c3 Nf6 3. e5 Nd5 4. d4 cxd4 5. Nf3 Nc6 6. cxd4 d6 7. Bc4 Nb6 8. Bb3 dxe5 9. dxe5 Na5 10. Nc3 Nxb3 11. Qxb3 f6 12. Be3 Bd7 13. 0-0 Qc7 14. Rac1 Qc4 15. Qd1 Qb4 16. a3 Qg4 17. Bxb6 axb6 18. Qb3 g6 19. Rfd1 Bh6 20. Rb1 Ra6 21. Nd2 Ba4 22. Nxa4 Rxa4 23. Qxb6 Rd4 24. f3 Be3+ 25. Kh1 Qd7 26. Rdc1 Bxd2 27. Rc7 Qd8 28. Qxb7 Kf7 29. b4 Rd5 30. Rc8 Qd6 31. Rxh8 Bc1 32. Qxd5+ Qxd5 33. Rxc1 h5 34. Rhc8 h4 35. h3 g5 36. R8c5 Qd4 37. b5 f5 38. b6 g4 39. fxg4 fxg4 40. R5c4 Qxb6 41. Rxg4 1/2-1/2